000
00314nam a22001337a 4500
999
_c
13822
_d
13822
020
_a
9781305959422
082
_a
530
100
_a
Vern J. Ostdiek & Donald J. Bord
245
_a
Inquiry into Physics
250
_a
8th Edition
260
_a
Australia
_b
Cengage Learning
300
_a
2018
_b
576 pages
942
_c
BK